00938cam a22002657a 450000500170000000800410001701000100005801100100006803500100007809000100008810000380009824501290013626000400026530000100030550000120031550200810032759000370040859000410044559000420048665000390052865000470056790100070061494900340062199900170065520220329141221.0971010s1986 r 00010 d a64554 a65526 a72415 aTesis00aMadrid Alvarez, Guillermo.96969613aLa problemática de las heladas tardías y su control en la producción de manzana en el noroeste del estado de Chihuahua aChihuahua, Chih. :bEl autor,c1986 a58 h. aD97-181 aTesis (Ing. Agr. Esp. en Zonas Aridas) -- UACH. Departamento de Zonas Aridas aALEPHb10c20130110lUCH01h1353 aBATCH-UPDb10c20130110lUCH01h0406 aCONVERSIONb10c20130109lUCH01h133514aHeladasxEfecto en manzana.95339914aManzanaxEfecto del medio ambiente.970760 aBK bZAcTESd-5120eTS1i72415si c64554d64554